| 000 | 00477cam a22002051 4500 | ||
|---|---|---|---|
| 001 | sa 63004611 | ||
| 003 | DLC | ||
| 005 | 20260227111950.0 | ||
| 008 | 881028s1963 xx 000 0 beno | ||
| 010 | _asa 63004611 | ||
| 035 | _a(OCoLC)23557132 | ||
| 040 |
_aDLC _cMiU _dDLC |
||
| 042 | _apremarc | ||
| 050 | 0 | 0 |
_aPK1718.M47 _bN5 |
| 100 | 1 |
_aMitra, Bimal, _d1912-1991. |
|
| 245 | 1 | 0 | _aNibedana iti. |
| 260 | _c[1963] | ||
| 300 |
_a237 p. _c23 cm. |
||
| 500 | _aRomanized. | ||
| 999 |
_c55755 _d55755 |
||